000 00404nam a2200181Ia 4500
001 10482
005 20260306161835.0
008 260306t1964||||xx |||||||||||||| ||spa||
041 _aESP
082 _a937
_bB25
100 _aBarrow, R. H.
_eAUT
245 4 _aThe romans
260 _c1964
300 _axii, 223 páginas :
_c22 cm.
650 _aGEN
654 _aCHU
942 _cLIB
_dJUS
_fJUS
_2ddc
_n
999 _c10482
_d10482